মুক্তিযুদ্ধের মানচিত্র ও স্বাধীনতার উত্তরাধিকার / (Record no. 194185)
[ view plain ]
| 000 -LEADER | |
|---|---|
| fixed length control field | 00721nam a22001937a 4500 |
| 003 - CONTROL NUMBER IDENTIFIER | |
| control field | BD-DhUL |
| 005 - DATE AND TIME OF LATEST TRANSACTION | |
| control field | 20170503110942.0 |
| 008 - FIXED-LENGTH DATA ELEMENTS--GENERAL INFORMATION | |
| fixed length control field | 170503b xxu||||| |||| 00| 0 eng d |
| 040 ## - CATALOGING SOURCE | |
| Original cataloging agency | BD-DhUL |
| Transcribing agency | BD-DhUL |
| 082 ## - DEWEY DECIMAL CLASSIFICATION NUMBER | |
| Classification number | 891.444 |
| Item number | ILM |
| 100 ## - MAIN ENTRY--PERSONAL NAME | |
| Personal name | ইলিয়াস, ফকির |
| 245 #0 - TITLE STATEMENT | |
| Title | মুক্তিযুদ্ধের মানচিত্র ও স্বাধীনতার উত্তরাধিকার / |
| Statement of responsibility, etc. | ফকির ইলিয়াস |
| 260 ## - PUBLICATION, DISTRIBUTION, ETC. (IMPRINT) | |
| Place of publication, distribution, etc. | ঢাকা: |
| Name of publisher, distributor, etc. | অনিন্দ্য, |
| Date of publication, distribution, etc. | 2017. |
| 300 ## - PHYSICAL DESCRIPTION | |
| Extent | ১৫৯ পৃ. ; |
| Other physical details | ২২ সেমি. |
| 366 ## - TRADE AVAILABILITY INFORMATION | |
| Source of availability status code | BDT 300 |
| 650 #0 - SUBJECT ADDED ENTRY--TOPICAL TERM | |
| Topical term or geographic name as entry element | বাংলা প্রবন্ধ |
| 650 #0 - SUBJECT ADDED ENTRY--TOPICAL TERM | |
| Topical term or geographic name as entry element | Bangali literature |
| 942 ## - ADDED ENTRY ELEMENTS (KOHA) | |
| Source of classification or shelving scheme | |
| Koha item type | Books |
| Price effective from | Date last seen | Permanent Location | Not for loan | Date acquired | Source of classification or shelving scheme | Koha item type | Lost status | Withdrawn status | Copy number | Source of acquisition | Collection code | Damaged status | Shelving location | Barcode | Current Location | Full call number |
|---|---|---|---|---|---|---|---|---|---|---|---|---|---|---|---|---|
| 2017-05-03 | 2017-05-03 | Dhaka University Library | 2017-05-03 | Books | 1 | purchased | Fiction | General Stacks | ILM | Dhaka University Library | 891.444 ILM | |||||
| 2017-05-03 | 2017-05-03 | Dhaka University Library | Not For Loan | 2017-05-03 | Books | 2 | Purchased | Non Fiction | Liberation War Collection | 500307 | Dhaka University Library | 891.444 ILM | ||||
| 2017-05-03 | 2017-05-03 | Dhaka University Library | Not For Loan | 2017-05-03 | Books | 1 | Purchased | Non Fiction | Liberation War Collection | 500306 | Dhaka University Library | 891.444 ILM |
